000 00682nam a2200229 i 4500
001 14777
003 ES-MaACL
005 20230906150904.0
007 t|
008 990603s1979 sp ||||1| spa d
080 _a297.18
245 0 4 _aLos Cuarenta hadices /
_c[recopilado por] Nawawiyah ; explicado por Nezar Ahmad Al-Sabbagh.
250 _a1ª ed.
260 _aGranada :
_bLa Casa Islámica,
_c1979.
300 _a166 p. ;
_c17 cm.
500 _aTexto en árabe y en español.
650 1 4 _aHadit.
_913290
700 1 _aNaw-awí, Al.
_985237
700 1 _aNezar Ahmad Al-Sabbagh.
_985521
710 2 _aLa Casa Islámica.
_95452
852 _aES-MaACL
_jL-21960
_bR.112024
999 _c14777
_d14777